000 00560nam a2200181Ia 4500
003 GCL
008 140319s9999 xx 000 0 ara d
040 _aGCL /
_cGCL
082 0 4 _a378.1
_bى ج
100 1 _aيوسف ميخائيل اسعد
245 1 0 _aالجامعة بين التعليم والثقافة /
_cيوسف ميخائيل اسعد
300 _a217 ص
490 _aالهيئة العامة للاستعلامات
_v0
650 0 4 _aالتعليم
650 0 4 _aالتعليم العالى
650 0 4 _aالجامعات
942 _2ddc
_cBK
999 _c49388
_d49388